| 000 | 00686nam a2200193 i 4500 | ||
|---|---|---|---|
| 001 | 78373 | ||
| 003 | ES-MaACL | ||
| 005 | 20230906173657.0 | ||
| 007 | t| | ||
| 008 | 041014s1964 sp ||||1| spa d | ||
| 100 | 1 |
_aHarje, Gerd. _961854 |
|
| 245 | 1 | 0 |
_aDiccionario ilustrado de la Arquitectura contemporánea / _cdirigido por Gerd Hatje ; [traducción de José María Mantero, Martín Kraemer, Emilio Casal Bernard]. |
| 260 |
_aBarcelona : _bGustavo Gili, _c[1964] |
||
| 300 |
_a305 p. : _bil. ; _c22 cm. |
||
| 700 | 1 |
_aMantero, José María. _976154 |
|
| 700 | 1 |
_aKraemer Morata, Martín. _968699 |
|
| 700 | 1 |
_aCasal Bernald, Emilio. _936053 |
|
| 852 |
_aES-MaACL _jC-25960 _bR.54983 |
||
| 999 |
_c78373 _d78373 |
||